<?xml version="1.0" encoding="UTF-8"?>
<record
    xmlns:xsi="http://www.w3.org/2001/XMLSchema-instance"
    xsi:schemaLocation="http://www.loc.gov/MARC21/slim http://www.loc.gov/standards/marcxml/schema/MARC21slim.xsd"
    xmlns="http://www.loc.gov/MARC21/slim">

  <leader>01469nam a2200265   4500</leader>
  <datafield tag="952" ind1=" " ind2=" ">
    <subfield code="0">0</subfield>
    <subfield code="1">0</subfield>
    <subfield code="4">0</subfield>
    <subfield code="7">0</subfield>
    <subfield code="a">01</subfield>
    <subfield code="b">01</subfield>
    <subfield code="d">2018-11-26</subfield>
    <subfield code="l">0</subfield>
    <subfield code="o">005.8 A18b</subfield>
    <subfield code="p">01 014384</subfield>
    <subfield code="r">2018-11-26</subfield>
    <subfield code="t">1</subfield>
    <subfield code="w">2018-11-26</subfield>
    <subfield code="y">LB</subfield>
  </datafield>
  <datafield tag="952" ind1=" " ind2=" ">
    <subfield code="0">0</subfield>
    <subfield code="1">0</subfield>
    <subfield code="4">0</subfield>
    <subfield code="7">0</subfield>
    <subfield code="a">14</subfield>
    <subfield code="b">14</subfield>
    <subfield code="d">2018-11-26</subfield>
    <subfield code="l">0</subfield>
    <subfield code="o">QA76.9A25 A73</subfield>
    <subfield code="p">14 005348</subfield>
    <subfield code="r">2018-11-26</subfield>
    <subfield code="t">1</subfield>
    <subfield code="w">2018-11-26</subfield>
    <subfield code="y">LB</subfield>
  </datafield>
  <datafield tag="952" ind1=" " ind2=" ">
    <subfield code="0">0</subfield>
    <subfield code="1">0</subfield>
    <subfield code="4">0</subfield>
    <subfield code="7">0</subfield>
    <subfield code="a">14</subfield>
    <subfield code="b">14</subfield>
    <subfield code="d">2018-11-26</subfield>
    <subfield code="l">0</subfield>
    <subfield code="o">QA76.9A25 A73</subfield>
    <subfield code="p">14 005349</subfield>
    <subfield code="r">2018-11-26</subfield>
    <subfield code="t">2</subfield>
    <subfield code="w">2018-11-26</subfield>
    <subfield code="y">LB</subfield>
  </datafield>
  <datafield tag="999" ind1=" " ind2=" ">
    <subfield code="c">103655</subfield>
    <subfield code="d">103655</subfield>
  </datafield>
  <controlfield tag="008">181126s2014    mx a|||| |||| 00| 0 spa d</controlfield>
  <datafield tag="020" ind1=" " ind2=" ">
    <subfield code="a">9786077079378</subfield>
  </datafield>
  <datafield tag="050" ind1=" " ind2=" ">
    <subfield code="a">QA76.9A25</subfield>
    <subfield code="b">A73</subfield>
  </datafield>
  <datafield tag="082" ind1=" " ind2=" ">
    <subfield code="a">005.8</subfield>
    <subfield code="b">A18b</subfield>
  </datafield>
  <datafield tag="100" ind1=" " ind2="1">
    <subfield code="a">Arboledas Brihuega, David</subfield>
    <subfield code="e">autor</subfield>
  </datafield>
  <datafield tag="245" ind1=" " ind2=" ">
    <subfield code="a">BackTrack 5</subfield>
    <subfield code="b">: Hacking de redes inal&#xE1;mbricas</subfield>
    <subfield code="c">/ David Arboledas Brihuega</subfield>
  </datafield>
  <datafield tag="260" ind1=" " ind2=" ">
    <subfield code="a">M&#xE9;xico</subfield>
    <subfield code="b">: Alfaomega</subfield>
    <subfield code="b">Ra-Ma</subfield>
    <subfield code="c">, 2014</subfield>
  </datafield>
  <datafield tag="300" ind1=" " ind2=" ">
    <subfield code="a">321 p&#xE1;ginas</subfield>
    <subfield code="b">: ilustraciones</subfield>
  </datafield>
  <datafield tag="490" ind1=" " ind2=" ">
    <subfield code="a">Inform&#xE1;tica </subfield>
    <subfield code="a">Seguridad inform&#xE1;tica</subfield>
  </datafield>
  <datafield tag="500" ind1=" " ind2=" ">
    <subfield code="a">Incluye: 
Anexo A: Herramientas adicionales (pp.263-300)
Anexo B: Respuestas de autoevaluaci&#xF3;n (pp.301-307)
&#xCD;ndice Alfab&#xE9;tico (pp.317-321)
</subfield>
  </datafield>
  <datafield tag="504" ind1=" " ind2=" ">
    <subfield code="a">Bibliograf&#xED;a (pp.309-315)</subfield>
  </datafield>
  <datafield tag="505" ind1=" " ind2=" ">
    <subfield code="a">- Hackers y seguridad
- El campo de pruebas
- Debilidades en las redes Wi-Fi
- Vulnerabilidad en la autenticaci&#xF3;n
- Debilidades en el cifrado
- Ataques contra la infraestructura
- Ofensivas contra el cliente
- Ataques avanzados
- Ingenier&#xED;a social
- Ataques contra WPA-Enterprise
- Metodolog&#xED;a. Caso pr&#xE1;ctico
- Herramientas adicionales</subfield>
  </datafield>
  <datafield tag="519" ind1=" " ind2=" ">
    <subfield code="a">Plan Flexible /</subfield>
    <subfield code="b">Periodismo  y Medios Digitales /</subfield>
    <subfield code="c">Dise&#xF1;o y Administraci&#xF3;n de Redes (P14-1) /</subfield>
    <subfield code="d">(01 014384)</subfield>
  </datafield>
  <datafield tag="519" ind1=" " ind2=" ">
    <subfield code="a">Material Complementario /</subfield>
    <subfield code="d">(14 005348, 14 005349)</subfield>
  </datafield>
  <datafield tag="650" ind1="1" ind2="4">
    <subfield code="a">SEGURIDAD INFORM&#xC1;TICA</subfield>
  </datafield>
  <datafield tag="650" ind1="2" ind2="4">
    <subfield code="a">INTERNET</subfield>
    <subfield code="x">MEDIDAS DE SEGURIDAD</subfield>
  </datafield>
  <datafield tag="650" ind1="2" ind2="4">
    <subfield code="a">REDES DE COMPUTADORAS</subfield>
    <subfield code="x">MEDIDAS DE SEGURIDAD</subfield>
  </datafield>
  <datafield tag="650" ind1="2" ind2="4">
    <subfield code="a">PRUEBAS DE PENETRACI&#xD3;N (SEGURIDAD INFORM&#xC1;TICA)</subfield>
  </datafield>
  <datafield tag="942" ind1=" " ind2=" ">
    <subfield code="c">LB</subfield>
  </datafield>
</record>
